000 00590nam a22001695i 4500
001 154172
003 ES-MaACL
005 20230906205543.0
008 050823s1700 fr | |||||||| ||fre d
040 _aCAM
_bspa
_cCAM
245 0 0 _aTraité entre la France et l'Espagne
_b: fait à Lille le 3 Decembre 1699, en éxécution de celuy de Rysvvick.
260 _aA Paris :
_bde l'Imprimerie de Frederic Leonard ...,
_c1700.
300 _a23 p. ;
_c27 cm.
597 _aSign.: A-C4.
597 _aPort. con escudo real xil.
852 _aES-MaACL
_jR-1136(8)
_z-- Enc. hol.
_x-- Olim: G-9998
999 _c154172
_d154172